Construction: BTEC level 1 introductory certificate and diploma (Record no. 38519)

MARC details
000 -LEADER
fixed length control field 00739nam a2200193 a 4500
008 - FIXED-LENGTH DATA ELEMENTS--GENERAL INFORMATION
fixed length control field 100118s2007 ||||||||||||||||| || u
020 ## - INTERNATIONAL STANDARD BOOK NUMBER
International Standard Book Number 9781846901652
050 ## - LIBRARY OF CONGRESS CALL NUMBER
Classification number TA 404 Mer
100 ## - MAIN ENTRY--PERSONAL NAME
Personal name Meredith, Sue
245 10 - TITLE STATEMENT
Title Construction: BTEC level 1 introductory certificate and diploma
Statement of responsibility, etc. by Sue Meredith, John Cartwright and Gary Cumiskey
260 ## - PUBLICATION, DISTRIBUTION, ETC.
Place of publication, distribution, etc. London:
Name of publisher, distributor, etc. Edexcel Limited
Date of publication, distribution, etc. 2007
300 ## - PHYSICAL DESCRIPTION
Extent 232p.; ill.
350 ## - PRICE (NR) (BK AM CF MU VM SE) [OBSOLETE]
Price 0.00
650 ## - SUBJECT ADDED ENTRY--TOPICAL TERM
Topical term or geographic name entry element CONSTRUCTION
650 ## - SUBJECT ADDED ENTRY--TOPICAL TERM
Topical term or geographic name entry element CONSTRUCTION--STUDY AND TEACHING
700 ## - ADDED ENTRY--PERSONAL NAME
Personal name Cumiskey, Gary
700 ## - ADDED ENTRY--PERSONAL NAME
Personal name Cartwright, John
995 ## - RECOMMENDATION 995 [LOCAL, UNIMARC FRANCE]
-- 0.00
-- CBU-MAIN LIBRARY (Kitwe)
-- 1
-- 0.00
-- 1
-- AVAILABLE
-- Apr 26, 2010
-- Annex Low-Usage Collection
Holdings
Withdrawn status Lost status Source of classification or shelving scheme Damaged status Not for loan Home library Current library Shelving location Date acquired Total Checkouts Full call number Barcode Date last seen Price effective from Koha item type
          CBU-MAIN LIBRARY, KITWE. CBU-MAIN LIBRARY, KITWE.   11/30/2022   TA 404 Mer 741100 11/30/2022 11/30/2022 MONOGRAPH